| 000 | 02007cam a22003738a 4500 | ||
|---|---|---|---|
| 001 | 16074323 | ||
| 003 | OSt | ||
| 005 | 20150408114022.0 | ||
| 008 | 100127s2010 enk f 000 0 eng | ||
| 010 | _a 2010003288 | ||
| 020 | _a9781405191920 (pbk. : alk. paper) | ||
| 035 | _a(DNLM)101523587 | ||
| 040 |
_aDNLM/DLC _cDLC _dDLC |
||
| 042 | _apcc | ||
| 050 | 0 | 0 |
_aRM170 _b.U26 2010 |
| 060 | 1 | 0 |
_aQV 735 _bU17 2010 |
| 082 | 0 | 0 |
_a615.6 _222 |
| 245 | 0 | 0 |
_aUCL Hospitals injectable medicines administration guide / _cPharmacy Department, University College London Hospitals. |
| 246 | 1 | 3 | _aInjectable medicines administration guide |
| 250 | _a3rd ed. | ||
| 260 |
_aChichester, West Sussex : _bBlackwell Pub., _c2010. |
||
| 263 | _a1008 | ||
| 300 |
_ap. ; _ccm. |
||
| 505 | 0 | _aUCLH policies -- An overview of intravenous therapy -- Factors affecting patency of IV sites -- Methods of intravenous administration -- Extravasation of injectables : overview and management advice -- Flushing cannulae, catheters, and administration sets -- Infusion pumps -- Administration of injectables in primary care -- Formulation and presentation of injectables -- Pharmaceutical aspects of injectable administration -- Factors influencing medicine stability and compatibility of injectable medicines -- Allergic reactions to injectables -- Compatibility of drugs in a syringe driver for subcutaneous use -- Risk assessment of injectables and risk reduction. | |
| 650 | 0 |
_aInjections _vHandbooks, manuals, etc. _911591 |
|
| 650 | 0 |
_aDrugs _vHandbooks, manuals, etc. _94753 |
|
| 650 | 1 | 2 |
_aPharmaceutical Preparations _xadministration & dosage _vHandbooks. _95772 |
| 650 | 2 | 2 |
_aInjections, Intramuscular _xmethods _vHandbooks. _913243 |
| 650 | 2 | 2 |
_aInjections, Intravenous _xmethods _vHandbooks. _913244 |
| 650 | 2 | 2 |
_aInjections, Subcutaneous _xmethods _vHandbooks. _913245 |
| 710 | 2 |
_aUniversity College London Hospitals Foundation NHS Trust. _bPharmacy Dept. _913246 |
|
| 942 |
_2ddc _cBOOK |
||
| 999 |
_c22117 _d256617 |
||